Alle Bahnhöfe in der Pfalz - Statistiken

Allgemein
  • Dieses Quiz wurde 18 mal gespielt
    2 seit der letzten Aktualisierung
  • Das Durchschnittsergebnis liegt bei 100 aus 172
Antwortstatistiken
Hint Antwort % Korrekt
Südliche Weinstraße Bad Bergzabern
100%
Südliche Weinstraße Barbelroth
100%
Germersheim Bellheim
100%
Germersheim Berg
100%
Rhein-Pfalz-Kreis Bobenheim
100%
Rhein-Pfalz-Kreis Böhl-Iggelheim
100%
--- Einsiedlerhof
100%
Kaiserslautern Frankenstein
100%
--- Frankenthal Hbf
100%
--- Frankenthal Süd
100%
Germersheim Germersheim
100%
Germersheim Germersheim Mitte/Rhein
100%
Germersheim Germersheim Süd/Nolte
100%
Germersheim Hagenbach
100%
Bad Dürkheim Haßloch
100%
Kaiserslautern Hochspeyer
100%
Südliche Weinstraße Insheim
100%
Germersheim Jockgrim
100%
--- Kaiserslautern Hbf
100%
--- Kaiserslautern West
100%
Germersheim Kandel
100%
Südliche Weinstraße Kapellen-Drusweiler
100%
Südliche Weinstraße Kapsweyer
100%
--- Kennelgarten
100%
Bad Dürkheim Lambrecht
100%
--- Landau Hbf
100%
Rhein-Pfalz-Kreis Limburgerhof
100%
Germersheim Lingenfeld
100%
--- Ludwigshafen Hbf
100%
--- Ludwigshafen Mitte
100%
--- Ludwigshafen Mundenheim
100%
--- Ludwigshafen Oggersheim
100%
--- Ludwigshafen Rheingönheim
100%
Germersheim Maximiliansau Eisenbahnstraße
100%
Germersheim Maximiliansau Im Rüsten
100%
Germersheim Maximiliansau West
100%
Bad Dürkheim Neidenfels
100%
Germersheim Neuburg
100%
--- Neustadt Böbig
100%
Kaiserslautern Otterbach
100%
Germersheim Rheinzabern
100%
Germersheim Rheinzabern Alte Römerstraße
100%
Germersheim Rheinzabern Rappengasse
100%
Südliche Weinstraße Rohrbach
100%
Germersheim Rülzheim
100%
Germersheim Rülzheim Freizeitzentrum
100%
Germersheim Schaidt
100%
Rhein-Pfalz-Kreis Schifferstadt
100%
Rhein-Pfalz-Kreis Schifferstadt Süd
100%
Südliche Weinstraße Schweighofen
100%
Germersheim Sondernheim
100%
--- Speyer Hbf
100%
--- Speyer Nord/West
100%
Südliche Weinstraße Steinfeld
100%
Germersheim Steinweiler
100%
--- Vogelweh
100%
Bad Dürkheim Weidenthal
100%
Germersheim Winden
100%
Germersheim Wörth
100%
Germersheim Wörth Mozartstraße
100%
Südliche Weinstraße Albersweiler
50%
Donnersbergkreis Albisheim
50%
Donnersbergkreis Alsenz
50%
Kusel Altenglan
50%
Germersheim Am Mühlbuckel
50%
Südliche Weinstraße Annweiler
50%
Südliche Weinstraße Annweiler Sarnstall
50%
Bad Dürkheim Bad Dürkheim
50%
Bad Dürkheim Bad Dürkheim Trift
50%
Rhein-Pfalz-Kreis Berghausen
50%
Kaiserslautern Bruchmühlbach-Miesau
50%
Südwestpfalz Bruchweiler-Bärenbach
50%
Südwestpfalz Bundenthal-Rumbach
50%
Südwestpfalz Busenberg-Schindhard
50%
Südwestpfalz Contwig
50%
Südwestpfalz Dahn
50%
Südwestpfalz Dahn Süd
50%
Bad Dürkheim Deidesheim
50%
Südwestpfalz Dellfeld
50%
Südwestpfalz Dellfeld Ort
50%
Südliche Weinstraße Edenkoben
50%
Südliche Weinstraße Edesheim
50%
Donnersbergkreis Eisenberg
50%
Donnersbergkreis Eiswoog
50%
Kaiserslautern Enkenbach-Alsenborn
50%
Bad Dürkheim Erpolzheim
50%
Bad Dürkheim Freinsheim
50%
Kusel Glan-Münchweiler
50%
--- Godramstein
50%
Bad Dürkheim Grünstadt
50%
Bad Dürkheim Grünstadt Nord
50%
Südwestpfalz Hauenstein
50%
Südwestpfalz Hauenstein Mitte
50%
Kaiserslautern Hauptstuhl
50%
Rhein-Pfalz-Kreis Heiligenstein
50%
Bad Dürkheim Herxheim
50%
Südwestpfalz Hinterweidenthal
50%
Südwestpfalz Hinterweidenthal Ort
50%
Südwestpfalz Hinterweidenthal Ost
50%
Donnersbergkreis Imsweiler
50%
--- Kaiserslautern Galgenschanze
50%
--- Kaiserslautern Pfaffwerk
50%
Kaiserslautern Kindsbach
50%
Bad Dürkheim Kirchheim
50%
Donnersbergkreis Kirchheimbolanden
50%
Südliche Weinstraße Knöringen-Essingen
50%
Kusel Kusel
50%
Rhein-Pfalz-Kreis Lambsheim
50%
--- Landau Süd
50%
--- Landau West
50%
Kaiserslautern Landstuhl
50%
--- Ludwigshafen BASF Mitte
50%
--- Ludwigshafen BASF Nord
50%
--- Ludwigshafen BASF Süd
50%
Südliche Weinstraße Maikammer-Kirrweiler
50%
Kaiserslautern Miesenbach
50%
Südwestpfalz Moosbachtal
50%
Donnersbergkreis | Südwestpfalz Münchweiler
50%
--- Mußbach
50%
--- Neustadt Hbf
50%
--- Neustadt Süd
50%
Kaiserslautern Obermohr
50%
Kaiserslautern Olsbrücken
50%
--- Pirmasens Hbf
50%
--- Pirmasens Nord
50%
Donnersbergkreis Ramsen
50%
Südliche Weinstraße Rinnthal
50%
Donnersbergkreis Rockenhausen
50%
Südwestpfalz Rodalben
50%
Kaiserslautern Schopp
50%
Südliche Weinstraße Siebeldingen-Birkweiler
50%
Südwestpfalz Thaleischweiler-Fröschen
50%
Bad Dürkheim Wachenheim
50%
Südwestpfalz Wilgartswiesen
50%
Donnersbergkreis Winnweiler
50%
Kusel Wolfstein
50%
Germersheim Zügelstraße
50%
--- Zweibrücken Hbf
50%
Bad Dürkheim Albsheim
0%
Bad Dürkheim Asselheim
0%
Bad Dürkheim Bockenheim
0%
Donnersbergkreis Börrstadt
0%
Bad Dürkheim Ebertsheim
0%
--- Flomersheim
0%
Donnersbergkreis Göllheim-Dreisen
0%
Donnersbergkreis Harxheim-Zell
0%
Kusel Heinzenhausen
0%
Kaiserslautern Hirschhorn
0%
Südwestpfalz Höhmühlbach
0%
--- Kaiserslautern Hohenecken
0%
Kaiserslautern Katzweiler
0%
Kusel Kreimbach-Kaulbach
0%
Kusel Lauterecken-Grumbach
0%
Kusel Lohnweiler
0%
Donnersbergkreis Marnheim
0%
Kusel Matzenbach
0%
Bad Dürkheim Mertesheim
0%
Kaiserslautern Niedermohr
0%
Kusel Rammelsbach
0%
Kusel Reckweilerhof
0%
Kusel Rehweiler
0%
Südwestpfalz Rieschweiler
0%
Kusel Roßbach
0%
Südwestpfalz Stambach
0%
Südwestpfalz Steinalben
0%
Kaiserslautern Steinwenden
0%
Kaiserslautern Sulzbachtal
0%
Kusel Theisbergstegen
0%
Südwestpfalz Waldfischbach-Burgalben
0%
Bad Dürkheim Weisenheim
0%
--- Zweibrücken Rosengarten
0%
Keine übereinstimmenden Quizze gefunden
Verteilung der Resultate
Anzahl Personen mit jedem Resultat
Perzentil nach korrekt beantworteten Fragen
Ihre Resultats-Entwicklung
Sie haben dieses Quiz seit der letzten Aktualisierung nicht gespielt